00385nam a2200121Ia 4500082002800000100002000028245009600048260003500144300000900179526003700188650003000225650000800255 a620.11bBRAcL-21, P-11 aBrady,George S. aMaterials handbookban encyclopedia for managers- technical professionals- purchasing and.. aNew York :bMcGraw-Hill,c1947 a831p a0b0c0d620_110000000000000_BRA aMaterials -- Dictionaries aMCE